Teuerste Transferzugänge der Bundesliga 12/13 - Statistiken

Allgemein
  • Dieses Quiz wurde 40 mal gespielt
  • Das Durchschnittsergebnis liegt bei 8 aus 15
Antwortstatistiken
Platz Name Abgebender Verein Aufnehmender Verein Ablöse % Korrekt
2 Marco Reus Borussia Mönchengladbach Borussia Dortmund 17,10 Mio
100%
1 Javi Martinez Athletic Bilbao Bayern München 40,00 Mio
97%
6 Xherdan Shaqiri FC Basel Bayern München 11,80 Mio
79%
3 Rafael van der Vaart Tottenham Hamburger SV 13,00 Mio
76%
5 Luuk de Jong Twente Enschede Borussia Mönchengladbach 12,00 Mio
71%
4 Mario Mandzukic VfL Wolfsburg Bayern München 13,00 Mio
68%
8 Granit Xhaka FC Basel Borussia Mönchengladbach 8,50 Mio
50%
12 Joselu Real Madrid Castilla TSG Hoffenheim 6,00 Mio
50%
7 Alvaro Dominguez Atletico Madrid Borussia Mönchengladbach 10,00 Mio
44%
10 Bas Dost SC Heerenveen VfL Wolfsburg 7,00 Mio
44%
15 Eljero Elia Juventus Turin Werder Bremen 5,50 Mio
38%
13 Julian Schieber VfB Stuttgart Borussia Dortmund 5,50 Mio
35%
14 Eren Derdiyok Bayer 04 Leverkusen TSG Hoffenheim 5,50 Mio
29%
9 Ivan Perisic VfL Wolfsburg Borussia Dortmund 8,00 Mio
26%
11 Philipp Wollscheid 1.FC Nürnberg Bayer 04 Leverkusen 7,00 Mio
26%
Keine übereinstimmenden Quizze gefunden
Verteilung der Resultate
Anzahl Personen mit jedem Resultat
Perzentil nach korrekt beantworteten Fragen
Ihre Resultats-Entwicklung
Sie haben dieses Quiz noch nicht gespielt